Vista normal
Vista MARC
Entrada Nombre de reunión
Número de registros utilizados en: 1
001 - NÚMERO DE CONTROL
- campo de control: 59622
003 - IDENTIFICADOR DEL NÚMERO DE CONTROL
- campo de control: OSt
005 - FECHA Y HORA DE LA ÚLTIMA TRANSACCIÓN
- campo de control: 20200615035117.0
008 - DATOS DE LONGITUD FIJA
- campo de control de longitud fija: 200615|| aca||aabn | a|a d
040 ## - FUENTE DE LA CATALOGACIÓN
- Centro catalogador/agencia de origen: OSt
- Centro/agencia transcriptor: OSt
111 ## - ENCABEZAMIENTO--NOMBRE DE CONGRESO/REUNIÓN
- Nombre de congreso/reunión o jurisdicción como elemento de entrada: Congreso internacional par el estudio de las culturas Pre-Colombinasde las Antillas Menores
- Número del congreso/reunión o número de parte o sección: (9 : 2-8
- Sede del congreso/Lugar de la reunión: Santo Domingo
- Fecha del congreso/reunión: 1981)
670 ## - FUENTE DE DATOS ENCONTRADOS
- Cita de la fuente: Work cat.: (OSt)33692: Congreso internacional par el estudio de las culturas Pre-Colombinasde las Antillas Menores (9 : 2-8 Santo Domingo 1981), Proceedings of the ninth International Congress for the Study of the Pre-Columbian Cultures of the Lesser Antilles =, 1983.
